| 000 | 00875nam a2200241 c 4500 | ||
|---|---|---|---|
| 003 | BLK | ||
| 005 | 20210918113033.0 | ||
| 008 | 180408b bul|||||r ||||||| ||bul|| | ||
| 010 | _aKNG00046751000 | ||
| 020 |
_a92-828-2333-4 _bиздат.: Amt fur amtliche Veroffentlichungen der Europ. Gem |
||
| 040 | _aBLK | ||
| 041 |
_aDEU _cDEU |
||
| 080 |
_aЛитература на отделни езици и езикови семейства _b821 _x-93-3 _z821-93-3 |
||
| 139 |
_aDer Krieg ums Himbeereis _bD 45 |
||
| 245 | 1 | 0 |
_aDer Krieg ums Himbeereis _bEin Comic fur junge Leute uber ein friedliches Europa ohne Grenzen |
| 260 |
_аLuxemburg _bAmt fur amtliche Veroffentlichungen der Europ. Gem _c1998 |
||
| 300 |
_a29 s. _bill. _c30 cm |
||
| 852 | _aЦб ІІ 11181 | ||
| 856 | 4 |
_qpdf _u |
|
| 856 | 4 |
_qpdf _u |
|
| 942 |
_cKNG _n0 _01 |
||
| 944 |
_aCR _c01.01.1999 _kAB_DOS |
||
| 944 |
_aED _c15.01.2003 _k |
||
| 999 |
_c43064 _d43064 |
||